| 000 | 00571nam a2200229 a 4500 | ||
|---|---|---|---|
| 001 | nice12345678 | ||
| 003 | IN_TiNIC | ||
| 005 | 20260116012045.0 | ||
| 008 | 070702s2000 laha grp 000 0 urd | ||
| 020 |
_a _c100 |
||
| 082 | 0 | 0 |
_a297.86 _bALI3 |
| 100 | _aAli, Maulana Mohammad | ||
| 245 | _aIslam Aur Digar Mazahib Ya Falsafa-E-mazhab | ||
| 260 |
_aLahore _bNo Publisher _c2000 |
||
| 300 | _a32p | ||
| 500 | _aincludes index and biblioraphy | ||
| 650 | _aAhmadiyyah | ||
| 700 | 1 | _aAli, Maulana Mohammad | |
| 902 | _bSRS | ||
| 942 | _cBK | ||
| 999 |
_c5463 _d5463 |
||